Quiz o Polsce - Statystyki

Ogólne statystyki
  • Ten quiz został rozwiązany 149 razy
    111 od ostatniego zresetowania
  • Średni wynik to 22 z 30
Statystyki odpowiedzi
Wskazówka Odpowiedź % Poprawnych
Prezydent Andrzej Duda
99%
Stolica Warszawa
99%
Morze, do którego ma dostęp Morze Bałtyckie
96%
Język urzędowy Polski
96%
Najdłuższa rzeka Wisła
96%
Waluta Złoty
96%
Rok dołączenia do Unii Europejskiej 2004 r.
92%
Liczba ludności w milionach (ok.) 38 mln
92%
Najwyższy szczyt Rysy
88%
Rok dołączenia do NATO 1999 r.
84%
"Wstrzymał Słońce, ruszył Ziemię" Mikołaj Kopernik
82%
Ile lat Polska była pod zaborami? 123 lata
80%
Romantyczny kompozytor pochodzący z Żelazowej Woli, który w 1831 r. przeprowadził się do Francji, skąd pochodził jego ojciec Fryderyk Chopin
80%
Jedna z trzech osób na świecie i jedyna kobieta, która zdobyła dwie nagrody Nobla Maria Skłodowska - Curie
79%
Region nazywany "Krainą tysiąca jezior" Mazury
75%
Państwo, wraz z którym tworzyła Rzeczpospolitą Obojga Narodów Litwa
74%
Miasto, w którym znajduje się największy ceglany zamek świata Malbork
69%
Potrawa z ciasta wypełnionego farszem, owocami lub innymi dodatkami np. serem Pierogi
69%
Region z licznymi kopalniami węgla i soli Śląsk
69%
Długie pasmo górskie, na południowym wschodzie Karpaty
67%
Przyjęło się, że wraz z ziemniakami i surówką tworzy tradycyjny niedzielny obiad Kotlet schabowy
67%
Najpopularniejszy niemiecki obóz koncentracyjny Auschwitz-Birkenau
66%
Powstanie narodowe przeciwko zaborowi rosyjskiemu rozpoczęte w 1863 r. Powstanie Styczniowe
62%
Największy partner handlowy Niemcy
60%
Jednostka podziału administracyjnego pierwszego stopnia Województwo
56%
Rok uchwalenia drugiej na świecie konstytucji 1791 r.
51%
Jedyna naturalna pustynia w Europie Pustynia Błędowska
51%
Rodzaj oświetlenia wynaleziony przez Polaka - Ignacego Łukasiewicza Lampa naftowa
48%
Sposób wybierania władcy od 1572 r. Wolna elekcja
26%
Nizina rozciągająca się na północy i zachodzie kraju Nizina Środkowoeuropejska
13%
Nie znaleziono quizów pasujących do podanych kryteriów
Rozkład punktacji
Procent ludzi z każdym wynikiem
Percentyl według liczby udzielonych odpowiedzi
Twoja historia wyników
Nie rozwiązałeś tego quizu od ostatniego zresetowania